000 00412nab a2200145Ia 4500
003 ES-SlBCS
005 20210601124259.0
008 140529s1956 xxu||||| |||| 00| 0 eng d
041 _aeng
100 1 _aConcordia, Lawrence
_9139030
245 0 0 _aDesign of Delight
_c Lawrence Concordia
650 0 4 _aDiseño-Placer
_9139031
773 0 _tDominicana
_gvol. 41, nº. 3, 1956, págs. 231-243
_wRev1398
942 _cAR
999 _c512240
_d512240